Statistics for Trivia Quiz - Cyprus

Click here to take the quiz!

General Stats

  • This quiz has been taken 61 times
  • The average score is 9 of 10

Answer Stats

QuestionAnswer% Correct
What currency do they use?Euro
100%
What is the other official language?Greek
100%
What side of the road do you drive on?Left
100%
What country is it closest to?Turkey
100%
What is their capital?Nicosia
98%
What is one of their official languages?Turkish
98%
What sea is it in?Mediterranean
96%
One of the safest or most dangerous countries?Safest
88%
What is their highest mountain?Mount Olympus
80%
What is their main holiday?Easter
71%

Score Distribution

Percentile by Number Answered

Percent of People with Each Score

Your Score History

You have not taken this quiz